000 00808nam a2200217 a 4500
001 57111
003 BD-RjUL
005 20211209080453.0
008 161206s1959 bg ||||| |||| 00| 0 ben d
035 _a(BD-RjUL) 57235
040 _aBD-RjUL
_bben
_cBD-RjUL
041 _aben
082 _223
_aB 297.124
_bTOR 1959
245 0 0 _aতর্জুমানুল-হাদীছ /
260 _aঢাকা :
_bআল-হাদীছ পাবলিকেশন্স,
_c১৯৫৯ [১৩৬৬]
300 _a৬০ পৃ. ;
_c২৬ সেমি.
650 _aহাদীস
_9169665
650 _aHadidth
_9157156
700 _aআল কোরায়শী, মোহাম্মদ আব্দুল্লাহেল কাফী, সম্পাদক
_9169666
942 _2ddc
_cBK
999 _c57111
_d57111